Список членам Общества взаимного поземельного кредита, имеющим право участвовать в общем собрании и жительствующим в С.-Петербурге... ... 1872 г.$90: ... 1872 г. (Запись № 3588098)

Подробности
000 -МАРКЕР
контрольное поле 01239nam2a22002291 4500
001 - ИДЕНТИФИКАТОР ЗАПИСИ
контрольное поле v19\rc\1214835
005 - ИДЕНТИФИКАТОР ВЕРСИИ
контрольное поле 20250617221621.0
035 ## - ДРУГИЕ СИСТЕМНЫЕ НОМЕРА
Идентификатор записи (NLR Aleph) 004378005
100 ## - ДАННЫЕ ОБЩЕЙ ОБРАБОТКИ
Данные общей обработки 20060306d1872 |||y0rusy50 ca
101 0# - ЯЗЫК РЕСУРСА
Язык текста, звукозаписи и т.д. русский
102 ## - СТРАНА ПУБЛИКАЦИИ ИЛИ ПРОИЗВОДСТВА
Страна публикации Российская Федерация
105 ## - ПОЛЕ КОДИРОВАННЫХ ДАННЫХ: ТЕКСТОВЫЕ МАТЕРИАЛЫ, МОНОГРАФИЧЕСКИЕ
Кодированные данные о монографическом текстовом документе y z |||||
200 0# - ЗАГЛАВИЕ И СВЕДЕНИЯ ОБ ОТВЕТСТВЕННОСТИ
Основное заглавие ... 1872 г.
210 ## - ПУБЛИКАЦИЯ, РАСПРОСТРАНЕНИЕ И ДР.
Дата издания, распространения и т.д. ценз. 1872
Место издания, распространения и т.д. Б. м.
215 ## - ФИЗИЧЕСКАЯ ХАРАКТЕРИСТИКА
Специфическое обозначение материала и объем [4] с.
461 #0 - УРОВЕНЬ НАБОРА
Встроенное поле 001v19\rc\1214834
-- 2001#$aСписок членам Общества взаимного поземельного кредита, имеющим право участвовать в общем собрании и жительствующим в С.-Петербурге...$v... 1872 г.$90
Системный номер (АБИС) связанной записи 3588089
Автор Общество взаимного поземельного кредита (Петербург)
Место публикации [Санкт-Петербург]
Дата публикации ценз. 1872
Заглавие Список членам Общества взаимного поземельного кредита, имеющим право участвовать в общем собрании и жительствующим в С.-Петербурге...
Номер тома ... 1872 г.$90
801 #0 - ИСТОЧНИК ЗАПИСИ
Страна Российская Федерация
Организация NLR
Правила каталогизации psbo
801 #1 - ИСТОЧНИК ЗАПИСИ
Страна Российская Федерация
Организация ProSoft-M
Источник данных rusmarc
852 ## - МЕСТОНАХОЖДЕНИЕ И ШИФР ХРАНЕНИЯ
Идентификатор организации NLR
Шифр хранения (Call Number) 18.111.7.285
942 ## - ДОПОЛНИТЕЛЬНЫЕ ЭЛЕМЕНТЫ ЗАПИСИ (АБИС)
Тип экземпляра АБИС Книга
980 ## - КОЛЛЕКЦИЯ
Название коллекции Национальная библиография
Экземпляры
Тип экземпляра Дата поступления Библиотека постоянного хранения Библиотека текущего хранения Место хранения Шифр хранения Штрих-код Статус экземпляра
Книга 26.10.2013 РНБ (Садовая) РНБ (Садовая) Русский книжный фонд -Главное здание, Ленинский читальный зал 18.111.7.285 4378005-10